00968nam a2200205 a 450000100100000000500170001000800410002704000250006808200160009310000290010924500820013826000710022030000280029150000630031904900090038295201200039195201140051195201200062599900170074500001479820200929163914.0100122s2009 dr a 000 0 spa d aDO-SdBNPbspacBNPHU axxxxbV712a1 aVilla Rosa, David93353510aAlgo más que palabras /cDavid Villa Rosa ; revisión Carlos Sosa Ovalles. aSan Francisco de Macorís, República Dominicana :bRafy,c2009. a112 p. :bil. ;c21 cm. aIncluye datos biográficos del autor en la contracubierta aBNPD 0010718DSaGRbGRcCTd2010-01-22iLF1l0oxxxx V712ap14798-30r2020-06-25te. 3w2020-06-25yLFDSZNo se presta 0010718PDaPDbPDcCTd2010-01-22iLF1l0oxxxx V712ap14798-10r2020-06-25w2020-06-25yLFPDZNo se presta 0010718PDaPDbPDcCTd2010-01-22iLF1l0oxxxx V712ap14798-20r2020-06-25te. 2w2020-06-25yLFPDZNo se presta c14379d14379